000 00225nam a22000857a 4500
008 170203b xxu||||| |||| 00| 0 eng d
100 _92770
_aAnnamalai University
245 _aFinancial management
260 _aNew Delhi
_bPatha
_c2010
999 _c5961
_d5961